<?xml version="1.0" encoding="UTF-8"?>
<marc:record xmlns:marc="http://www.loc.gov/MARC21/slim">
   <marc:leader>00000nam a2200000 a 4500</marc:leader>
   <marc:datafield ind1="1" ind2=" " tag="100">
      <marc:subfield code="a">Auferbauer, Günter</marc:subfield>
      <marc:subfield code="4">aut</marc:subfield>
      <marc:subfield code="e">Verfasser/-in</marc:subfield>
   </marc:datafield>
   <marc:datafield ind1=" " ind2=" " tag="653">
      <marc:subfield code="a">Steiermark</marc:subfield>
   </marc:datafield>
   <marc:datafield ind1=" " ind2=" " tag="653">
      <marc:subfield code="a">Sport</marc:subfield>
   </marc:datafield>
   <marc:datafield ind1=" " ind2=" " tag="653">
      <marc:subfield code="a">Touren</marc:subfield>
   </marc:datafield>
   <marc:datafield ind1=" " ind2=" " tag="653">
      <marc:subfield code="a">Bergtouren</marc:subfield>
   </marc:datafield>
   <marc:datafield ind1="0" ind2="0" tag="245">
      <marc:subfield code="a">Bergtourenparadies Steiermark</marc:subfield>
   </marc:datafield>
   <marc:datafield ind1="0" ind2="0" tag="245">
      <marc:subfield code="b">Alle 2000er vom Dachstein bis zur Koralpe</marc:subfield>
   </marc:datafield>
   <marc:datafield ind1=" " ind2="1" tag="264">
      <marc:subfield code="b">Styria</marc:subfield>
      <marc:subfield code="c">2000</marc:subfield>
   </marc:datafield>
   <marc:datafield ind1="1" ind2=" " tag="520">
      <marc:subfield code="a">Inspiriert vom "Jahr 2000" stellen die Autoren die höchsten Gipfel der Steiermark, eben alle Zweitausender, in einem Band vor und kommentieren damit eine einzigartige, über alle Zweitausender-Gipfel führende Tozr: vom Dachsteingebirge, dem Toten Gebirge, den Haller Mauern, Gesäusebergen und den Eisenerzer Alpen sowie der Hochschwabgruppe bis zur Rax und den Niederen Tauern. Etliche der Zweitausender-Gipfel stehen aber auch in den nockigen Murauer Bergen sowie inmitten der Seetaler Alpen und im Weststeirischen Randgebirge. Die Steige und Wege im Reich der steirischen Zweitausender entführen in markant geformtes alpines Gelände: Felsgrate, Türme und Wände sowie Kare, Klammen, Hochflächen und Schluchten säumen die Routen. Viele sind populär, so manche müssen aber noch entdeckt werden.</marc:subfield>
   </marc:datafield>
   <marc:datafield ind1="3" ind2=" " tag="024">
      <marc:subfield code="a">9783222127830</marc:subfield>
   </marc:datafield>
</marc:record>
